[Event "Copenhagen K41 Aabent-ch 0506"]
[Site "Copenhagen"]
[Date "2005.12.06"]
[Round "3"]
[White "Nielsen, Michael"]
[Black "Sorensen, Ken"]
[Result "1-0"]
[WhiteElo "2034"]
[BlackElo "1383"]
[PlyCount "61"]
[EventDate "2005.11.15"]
[EventType "swiss"]
[EventRounds "9"]
[EventCountry "DEN"]
[SourceTitle "EXT 2023"]
[Source "ChessBase"]
[SourceDate "2022.10.05"]
[SourceVersion "1"]
[SourceVersionDate "2022.10.05"]
[SourceQuality "1"]

1. d4 e6 2. e4 d5 3. Nc3 Bb4 4. a3 Bxc3+ 5. bxc3 dxe4 6. Qg4 Nf6 7. Qxg7 Rg8 8. Qh6 Nc6 9. Ne2 Rg6 10. Qe3 Qd6 11. a4 Na5 12. Ng3 Qd5 13. Rb1 Qa2 14. Rb2 Qa1 15. Be2 Bd7 16. 0-0 Qxa4 17. Bd2 Nc4 18. Bxc4 Qxc4 19. Rxb7 Bc6 20. Rb4 Qa6 21. c4 h5 22. Qf4 Qc8 23. Re1 a5 24. Rbb1 Qd8 25. Bc3 Rg4 26. Qe5 Ke7 27. Nf5+ Kf8 28. Ne3 Rg6 29. Bxa5 Ra7 30. Qc5+ Qd6 31. Qxa7 1-0

[Event "Copenhagen K41 Aabent-ch 0506"]
[Site "Copenhagen"]
[Date "2005.11.15"]
[Round "1"]
[White "Nielsen, Michael"]
[Black "Eiholt, Bjarne"]
[Result "1-0"]
[WhiteElo "2034"]
[BlackElo "1588"]
[PlyCount "67"]
[EventDate "2005.11.15"]
[EventType "swiss"]
[EventRounds "9"]
[EventCountry "DEN"]
[SourceTitle "EXT 2023"]
[Source "ChessBase"]
[SourceDate "2022.10.05"]
[SourceVersion "1"]
[SourceVersionDate "2022.10.05"]
[SourceQuality "1"]

1. d4 d5 2. Nf3 Nf6 3. e3 e6 4. Bd3 Be7 5. Nbd2 0-0 6. c3 Nbd7 7. 0-0 b6 8. Qe2 Bb7 9. e4 dxe4 10. Nxe4 Nxe4 11. Bxe4 Bxe4 12. Qxe4 Nf6 13. Qe2 Re8 14. Ne5 Qd5 15. Be3 Rac8 16. Nd3 Bd6 17. Rfd1 Qb7 18. Bg5 Qe4 19. Qd2 Be7 20. Re1 Qb7 21. Qe2 Rcd8 22. Ne5 Rd6 23. Rad1 Nd5 24. Bxe7 Rxe7 25. Qf3 Qa6 26. c4 Nf6 27. b4 Qxa2 28. Ra1 Qd2 29. Red1 Qxb4 30. Rxa7 h6 31. Nc6 Rxc6 32. Qxc6 Qb3 33. Qa4 Qb2 34. Qa3 1-0

[Event "Copenhagen-ch"]
[Site "Copenhagen"]
[Date "2003.02.13"]
[Round "8"]
[White "Nielsen, Michael"]
[Black "Hansen, Flemming Haupt"]
[Result "1/2-1/2"]
[WhiteElo "2101"]
[BlackElo "2150"]
[PlyCount "64"]
[EventDate "2003.02.07"]
[EventType "swiss"]
[EventRounds "9"]
[EventCountry "DEN"]
[SourceTitle "EXT 2018"]
[Source "ChessBase"]
[SourceDate "2017.10.13"]
[SourceVersion "1"]
[SourceVersionDate "2017.10.13"]
[SourceQuality "1"]

1. e4 d5 2. exd5 Qxd5 3. Nc3 Qa5 4. d4 Nf6 5. Nf3 Bg4 6. h3 Bxf3 7. Qxf3 c6 8. Bc4 e6 9. Bd2 Bb4 10. 0-0-0 Nbd7 11. Rhe1 0-0 12. g4 Rad8 13. a3 Bxc3 14. Bxc3 Qc7 15. g5 Nd5 16. Bxd5 cxd5 17. h4 Rfe8 18. h5 a5 19. Rh1 Nf8 20. h6 Ng6 21. hxg7 Kxg7 22. Qf6+ Kg8 23. Rh6 Rc8 24. Rdh1 Nf8 25. Qf3 Qc4 26. Qh5 b5 27. Rxh7 Nxh7 28. g6 fxg6 29. Qxg6+ Kf8 30. Rxh7 Qf1+ 31. Kd2 Qxf2+ 32. Kc1 Qf1+ 1/2-1/2

[Event "Copenhagen-ch"]
[Site "Copenhagen"]
[Date "2003.02.10"]
[Round "5"]
[White "Moller, Arne Vagn"]
[Black "Nielsen, Michael"]
[Result "0-1"]
[WhiteElo "2018"]
[BlackElo "2101"]
[PlyCount "108"]
[EventDate "2003.02.07"]
[EventType "swiss"]
[EventRounds "9"]
[EventCountry "DEN"]
[SourceTitle "EXT 2018"]
[Source "ChessBase"]
[SourceDate "2017.10.13"]
[SourceVersion "1"]
[SourceVersionDate "2017.10.13"]
[SourceQuality "1"]

1. e4 c5 2. Nf3 d6 3. d4 cxd4 4. Nxd4 Nf6 5. Nc3 g6 6. Be2 Bg7 7. Be3 Nc6 8. 0-0 0-0 9. Kh1 Bd7 10. f4 Qb6 11. e5 dxe5 12. fxe5 Nxe5 13. Nf5 Qxb2 14. Nxe7+ Kh8 15. Bd4 Ng8 16. Rb1 Qa3 17. Nxg8 Kxg8 18. Ne4 Rfd8 19. c3 Bf5 20. Qc2 Rac8 21. Bxe5 Bxe5 22. Rxf5 gxf5 23. Ng5 Qd6 24. Qxf5 Qg6 25. Nxf7 Qxf5 26. Nh6+ Kf8 27. Nxf5 Rxc3 28. Rf1 Rc6 29. Nd6+ Ke7 30. Nxb7 Rd2 31. Bf3 Rcc2 32. a4 Ra2 33. Re1 Ra1 34. Rxa1 Bxa1 35. Kg1 Bd4+ 36. Kf1 Ra2 37. Bc6 Bb6 38. h4 h6 39. Ke1 Bf2+ 40. Kd1 Bxh4 41. Kc1 Bg5+ 42. Kb1 Rf2 43. Bf3 Kf6 44. Nc5 Kf5 45. Be4+ Kg4 46. Nd3 Rd2 47. Bf3+ Kg3 48. Ne1 Rf2 49. Nd3 Rxf3 50. gxf3 h5 51. Kc2 h4 52. Kd1 Be3 53. Ke2 Bd4 54. f4 h3 0-1